2024 MLB Active WAR Leaders - Statistics

General Stats
  • This quiz has been taken 262 times
  • The average score is 21 of 25
Answer Stats
WAR Current Team Player % Correct
49.4 HOU Jose Altuve
99%
85.2 LAA Mike Trout
99%
64.8 LAD Mookie Betts
98%
80.9 HOU Justin Verlander
97%
54.8 SDP Manny Machado
96%
41.4 NYY Aaron Judge
95%
56.1 LAD Freddie Freeman
95%
46.3 PHI Bryce Harper
94%
79.7 LAD Clayton Kershaw
94%
54.2 STL Nolan Arenado
93%
61.5 STL Paul Goldschmidt
91%
45.6 CLE Jose Ramirez
90%
75.0 TEX Max Scherzer
90%
48.5 PIT Andrew McCutchen
89%
41.3 NYY Gerrit Cole
88%
42.7 NYM Francisco Lindor
82%
39.7 MIL Christian Yelich
81%
43.9 NYY Giancarlo Stanton
81%
41.7 TEX Marcus Semien
80%
44.8 TEX Jacob deGrom
79%
40.8 MIN Carlos Correa
71%
39.6 NYY Anthony Rizzo
64%
47.1 ATL Chris Sale
61%
39.6 SDP Xander Bogaerts
52%
40.6 LAD Jason Heyward
31%
No matching quizzes found
Score Distribution
Percent of People with Each Score
Percentile by Number Answered
Your Score History
You have not taken this quiz